000 00442nam a2200133Ia 4500
008 100328s9999 xx 000 0 und d
082 _b21086
100 _aनवरे नी.शं.
245 _aमराठी कादंबरी कथा
260 _bआर्यसंस्कृति
630 _aमराठी कादंबरी कथा
730 _aमराठी कादंबरी कथा
942 _cBOOK
999 _c515133
_d515130